000 00767nam a22001937a 4500
003 OSt
005 20240612151012.0
008 240612b ||||| |||| 00| 0 eng d
040 _cAIMIT LIBRARY
100 _aBappal, Himansh.
_e2116060
_9170292
245 _aComparative analysis on risk and return of united breweries and its competitors /
_cBy Himansh Bappal ; Guided by Nagendra S.
260 _aMangaluru ;
_c2023.
650 _aIndustry profile company profile and theoretical background of study
_9170293
650 _aData analysis and interpretation
_9170294
650 _aResearch methodology
_9170295
700 _aNagendra, S .
_eGuide
_9170296
856 _3United Breweries limited
_uwww.unitedbreweries,com
_ywww.unitedbreweries.com
942 _2ddc
_cPRO
999 _c231141
_d231141